| 000 | 00630cab a2200193 4500 | ||
|---|---|---|---|
| 001 | WB2449-02 | ||
| 008 | 090401t1988 xxu||||| |||| 00| 0 eng d | ||
| 035 | _a(Sirsi) u86951 | ||
| 041 | _aeng | ||
| 245 | _aNHBC review | ||
| 260 | _c1988 | ||
| 350 | _a0 | ||
| 490 |
_aDaily Telegraph _v7/12/88 p34 Building Vol 253 No 7577 9/12/88 p9 |
||
| 520 | _aThe NHBC is to offer an improved claims service for housebuyers after a MORI poll revealed two-thirds of people in their survey were dissatisfied with the NHBC`s service. | ||
| 650 | _aBUILDMARK WARRANTY | ||
| 690 | _aBUILT ENVIRONMENT | ||
| 942 | _n0 | ||
| 948 | _c04/03/1997 | ||
| 999 |
_c54758 _d54758 |
||